000 00566nam a2200169Ia 4500
005 20250508153912.0
008 008 250505s9999 xx 000 0 ger d
037 _aBooks to be hide in OPAC
040 _aFEDL
_beng
_cFEDL
041 _ager
_2eng
084 _a370, GER/O
_qFEDL
245 0 _aDocuments officiels sur : L'Enseignement de la psychologie dans la preparation des maitres primaires et secondaires
260 _aGeneva
_bBureau International D' Education
_c1937
300 _a130p.
942 _cHB
_h370, GER/O
999 _c1346249
_d1346249